000 00859cab a22002055a 4500
001 L156664
008 120619e20120609xxk 000 0 eng d
035 _a(Sirsi) u156664
041 0 _aeng
100 1 _aWhitten, Nick
245 0 0 _aFocus
_bIndustrial
260 _c2012
490 _aEstates Gazette
_v(1223) 9 June 2012, 57-67(8)
520 _aIncludes information about DP World's London Gateway development which is overseeing a new port built in the Thames using reclaimed land which is due to open in the final quarter of 2013. Also includes an analysis of supply chain dynamics which emphasises the importance of the correct placement of warehouses and the prospects for industrial developers for the rest of 2012.
590 _aKA
651 4 _aUnited Kingdom
690 _aProperty management
_96262
700 1 _aHarris, David
942 _n0
999 _c84106
_d84106